Loading...
| Literature - British | 0 | 3 | 0 | 1 | 30 | 87 | 122.00 | 0 | 0 | 3.11 | 3.82 |
| Literature - World | 0 | 3 | 0 | 0 | 30 | 135 | 143.67 | 0 | 0 | 0.00 | 3.64 |
| Fine Arts - Other | 0 | 2 | 0 | 0 | 20 | 109 | 114.50 | 0 | 1 | 2.07 | 11.82 |
| Literature - American | 0 | 2 | 0 | 0 | 20 | 135 | 142.50 | 0 | 0 | 0.00 | 2.91 |
| Literature - European | 0 | 2 | 0 | 1 | 20 | 141 | 146.50 | 0 | 0 | 0.00 | 3.73 |
| Religion | 0 | 1 | 0 | 0 | 10 | 104 | 104.00 | 0 | 0 | 0.10 | 5.00 |
| History - European | 0 | 1 | 0 | 0 | 10 | 127 | 127.00 | 0 | 0 | 0.08 | 1.00 |
| Science - Chemistry | 0 | 1 | 0 | 1 | 10 | 127 | 127.00 | 0 | 0 | 0.00 | 0.91 |
| Fine Arts - Painting and Sculpture | 0 | 1 | 0 | 0 | 10 | 127 | 127.00 | 0 | 0 | 0.16 | 1.82 |
| Mythology | 0 | 1 | 0 | 0 | 10 | 123 | 123.00 | 0 | 0 | 0.00 | 0.91 |
| Philosophy | 0 | 1 | 0 | 1 | 10 | 125 | 125.00 | 0 | 0 | 0.00 | 3.64 |
| History - Other | 0 | 1 | 0 | 0 | 10 | 99 | 99.00 | 0 | 0 | 1.89 | 2.00 |
| History - World | 0 | 1 | 0 | 0 | 10 | 127 | 127.00 | 0 | 0 | 0.38 | 5.00 |